[Event "Asian Nations Cup 2016"]
[Site "Abu Dhabi UAE"]
[Date "2016.04.01"]
[Round "5.4"]
[White "Hossain, Enamul"]
[Black "Abdulwahhab, Ahmed Abdulsattar A"]
[Result "1-0"]
[WhiteTitle "GM"]
[BlackTitle "FM"]
[WhiteElo "2426"]
[BlackElo "2279"]
[WhiteTeam "Bangladesh"]
[BlackTeam "Iraq"]
[WhiteFideId "10200649"]
[BlackFideId "4801849"]
[EventDate "2016.03.28"]
[EventType "team"]

1. e4 c5 2. Nf3 e6 3. c3 d5 4. exd5 Qxd5 5. Na3 Nf6 6. d4 Qd8 7. Nc2 Nc6 8. Bd3
Be7 9. O-O O-O 10. Qe2 b6 11. Bf4 Bb7 12. Rad1 Qc8 13. Rfe1 Rd8 14. a3 a5 15.
dxc5 bxc5 16. a4 Nd5 17. Bg3 Bd6 18. c4 Nf4 19. Bxf4 Bxf4 20. Bxh7+ Kf8 21. Be4
Qc7 22. Na3 Rxd1 23. Rxd1 Rd8 24. g3 Bh6 25. Nb5 Rxd1+ 26. Qxd1 Qd8 27. Qd6+
Qxd6 28. Nxd6 Ba8 29. Nxf7 Bc1 30. N7g5 Ke7 31. b3 Bb7 32. h4 Kd6 33. Kf1 Bc8
34. Nf7+ Kc7 35. Bxc6 Kxc6 36. N3e5+ Kc7 37. h5 Bb7 38. f3 Bb2 39. Ke2 Bd4 40.
g4 Bxe5 41. Nxe5 Kd6 42. Nd3 e5 43. Ke3 Bc6 44. Nf2 Be8 45. Ne4+ Kc6 46. Ng3 Bd7
47. Ke4 Kd6 48. Nf5+ Ke6 49. Nxg7+ Kf6 50. Nf5 Be6 51. Nd6 Bg8 52. Ke3 Bh7 53.
Ne4+ Ke7 54. Nxc5 Bb1 55. Nb7 1-0

[Event "Asian Nations Cup 2016"]
[Site "Abu Dhabi UAE"]
[Date "2016.04.01"]
[Round "5.1"]
[White "Jumabayev, Rinat"]
[Black "Nguyen, Ngoc Truong Son"]
[Result "1/2-1/2"]
[WhiteTitle "GM"]
[BlackTitle "GM"]
[WhiteElo "2607"]
[BlackElo "2649"]
[WhiteTeam "Kazakhstan"]
[BlackTeam "Vietnam"]
[WhiteFideId "13702661"]
[BlackFideId "12401110"]
[EventDate "2016.03.28"]
[EventType "team"]

1. d4 Nf6 2. c4 e6 3. g3 d5 4. Nf3 dxc4 5. Bg2 a6 6. O-O Nc6 7. e3 Bd7 8. Qe2
Bd6 9. Qxc4 O-O 10. Nc3 b5 11. Qd3 Rb8 12. Ng5 Nb4 13. Qe2 e5 14. a3 Nc6 15.
dxe5 Nxe5 16. Qc2 h6 17. Nge4 Nxe4 18. Nxe4 Bf5 19. Qc3 Qe7 20. Nxd6 cxd6 21. e4
Rfc8 22. Qe3 Be6 23. h3 Nc4 24. Qf3 Ne5 25. Qd1 Bc4 26. Re1 a5 27. b3 Bd3 28.
Ra2 Qc7 29. f4 Bc2 30. Rxc2 Qxc2 31. fxe5 dxe5 32. b4 axb4 33. axb4 Qxd1 34.
Rxd1 Rc4 35. Ba3 Ra8 36. Rd3 Rc2 37. Bf1 Rac8 38. Rb3 1/2-1/2

[Event "Asian Nations Cup 2016"]
[Site "Abu Dhabi UAE"]
[Date "2016.04.01"]
[Round "5.2"]
[White "Nguyen, Huynh Minh Huy"]
[Black "Ismagambetov, Anuar"]
[Result "1/2-1/2"]
[WhiteTitle "GM"]
[BlackTitle "GM"]
[WhiteElo "2455"]
[BlackElo "2559"]
[WhiteTeam "Vietnam"]
[BlackTeam "Kazakhstan"]
[WhiteFideId "12401269"]
[BlackFideId "13701525"]
[EventDate "2016.03.28"]
[EventType "team"]

1. d4 Nf6 2. Bg5 d5 3. e3 e6 4. c4 Be7 5. Nc3 O-O 6. Nf3 Nbd7 7. Rc1 c6 8. a3
Re8 9. Be2 b6 10. O-O Bb7 11. Qc2 dxc4 12. Bxc4 Nd5 13. Bxe7 Qxe7 14. Qe2 Rad8
15. Rfd1 h6 16. e4 Nf4 17. Qe3 e5 18. d5 Nf6 19. dxc6 Bxc6 20. h3 g5 21. Nh2
Rxd1+ 22. Rxd1 Rd8 23. Rxd8+ Qxd8 24. Nf3 Qd6 25. Nd2 Kg7 26. Ne2 Nxe2+ 27. Bxe2
Bb7 28. f3 Qc7 29. Kf2 Nd7 30. Nf1 Qc2 1/2-1/2

[Event "Asian Nations Cup 2016"]
[Site "Abu Dhabi UAE"]
[Date "2016.04.01"]
[Round "5.3"]
[White "Kazhgaleyev, Murtas"]
[Black "Dao, Thien Hai"]
[Result "1-0"]
[WhiteTitle "GM"]
[BlackTitle "GM"]
[WhiteElo "2570"]
[BlackElo "2481"]
[WhiteTeam "Kazakhstan"]
[BlackTeam "Vietnam"]
[WhiteFideId "13700316"]
[BlackFideId "12400084"]
[EventDate "2016.03.28"]
[EventType "team"]

1. d4 d5 2. c4 c6 3. cxd5 cxd5 4. Bf4 Nc6 5. e3 Nf6 6. Nc3 Bf5 7. Qb3 Na5 8.
Qa4+ Bd7 9. Qc2 Rc8 10. Bd3 e6 11. Nf3 b5 12. a3 Be7 13. O-O O-O 14. Ne5 a6 15.
Qe2 h6 16. a4 Nb3 17. Rad1 b4 18. Nxd7 Qxd7 19. Nb1 Qxa4 20. Bxa6 Ra8 21. Bd3
Qa2 22. f3 Rfc8 23. Kh1 Ne8 24. g4 Nd6 25. Bxd6 Bxd6 26. f4 Rc7 27. g5 hxg5 28.
fxg5 g6 29. Qf2 Bf8 30. h4 Bg7 31. h5 gxh5 32. Qh2 Re7 33. Rf2 e5 34. Qxh5 exd4
35. Rdf1 Raa7 36. g6 Nc5 37. Rxf7 Rxf7 38. gxf7+ Kf8 39. Qg6 Ra6 40. Qxg7+ 1-0

[Event "Asian Nations Cup 2016"]
[Site "Abu Dhabi UAE"]
[Date "2016.04.01"]
[Round "5.4"]
[White "Nguyen, Anh Khoi"]
[Black "Kostenko, Petr"]
[Result "1/2-1/2"]
[WhiteTitle "FM"]
[BlackTitle "GM"]
[WhiteElo "2412"]
[BlackElo "2450"]
[WhiteTeam "Vietnam"]
[BlackTeam "Kazakhstan"]
[WhiteFideId "12404675"]
[BlackFideId "13700669"]
[EventDate "2016.03.28"]
[EventType "team"]

1. d4 Nf6 2. c4 e6 3. Nc3 Bb4 4. Qc2 d5 5. cxd5 exd5 6. Bg5 h6 7. Bh4 c5 8. dxc5
O-O 9. e3 Be6 10. Nf3 Nbd7 11. Be2 Rc8 12. a3 Bxc3+ 13. Qxc3 g5 14. Bg3 Ne4 15.
Qd4 Ndxc5 16. Rd1 a5 17. O-O f6 18. Nd2 Nxd2 19. Qxd2 Qb6 20. Qd4 Nd7 21. Qd3
Bf7 22. Bf3 Rc5 23. b4 axb4 24. axb4 Rb5 25. Bc7 Ne5 26. Bxb6 Nxd3 27. Bd4 Ne5
28. Be2 Rxb4 29. Bc5 Rb2 30. Bxf8 Rxe2 31. Be7 Kg7 32. Rb1 d4 33. exd4 Nf3+ 34.
gxf3 Rxe7 35. Rfc1 Bd5 36. Rc3 Kg6 37. h3 h5 38. Rb5 Re1+ 39. Kg2 Bc6 40. Rbb3
g4 41. hxg4 hxg4 42. Kg3 Bxf3 43. Rc8 Rd1 44. Rd8 Kf5 45. Rb5+ Ke4 46. Re8+ Kxd4
47. Rf5 Rg1+ 48. Kf4 Rf1 49. Rd8+ Kc4 50. Rd2 Kc3 51. Ra2 Kb3 52. Rfa5 b5 53.
R5a3+ Kb4 54. Re3 1/2-1/2

[Event "Asian Nations Cup 2016"]
[Site "Abu Dhabi UAE"]
[Date "2016.04.01"]
[Round "5.1"]
[White "Abdyjapar, Asyl"]
[Black "Dzhumaev, Marat"]
[Result "0-1"]
[WhiteTitle "IM"]
[BlackTitle "GM"]
[WhiteElo "2385"]
[BlackElo "2481"]
[WhiteTeam "Kyrgyzstan"]
[BlackTeam "Uzbekistan"]
[WhiteFideId "13800337"]
[BlackFideId "14200236"]
[EventDate "2016.03.28"]
[EventType "team"]

1. d4 d5 2. c4 dxc4 3. e4 Nc6 4. d5 Ne5 5. Bf4 Ng6 6. Be3 Nf6 7. Nc3 e6 8. Bxc4
exd5 9. exd5 Bd6 10. Nf3 O-O 11. O-O Ng4 12. Bg5 Bxh2+ 13. Kh1 f6 14. d6+ Kh8
15. Nxh2 Nxh2 16. Kxh2 fxg5 17. Nb5 c6 18. Nc7 Rb8 19. Re1 Qf6 20. Be6 Qf4+ 21.
Kh1 Qh4+ 22. Kg1 Qxf2+ 23. Kh1 0-1

[Event "Asian Nations Cup 2016"]
[Site "Abu Dhabi UAE"]
[Date "2016.04.01"]
[Round "5.2"]
[White "Barsov, Alexei"]
[Black "Tologontegin, Semetey"]
[Result "1-0"]
[WhiteTitle "GM"]
[BlackTitle "IM"]
[WhiteElo "2460"]
[BlackElo "2370"]
[WhiteTeam "Uzbekistan"]
[BlackTeam "Kyrgyzstan"]
[WhiteFideId "14200082"]
[BlackFideId "13800574"]
[EventDate "2016.03.28"]
[EventType "team"]

1. d4 Nf6 2. Nf3 e6 3. c4 Bb4+ 4. Nc3 b6 5. e3 Bb7 6. Bd3 O-O 7. O-O d5 8. cxd5
exd5 9. a3 Bd6 10. b4 a6 11. Qb3 Nbd7 12. a4 c6 13. e4 dxe4 14. Nxe4 Nxe4 15.
Bxe4 h6 16. Bd2 Nf6 17. Bc2 Qc7 18. a5 b5 19. Rae1 Rad8 20. Re2 Bc8 21. Rfe1
Rfe8 22. Ne5 Be6 23. Qg3 Kh8 24. Qh4 Ng8 25. Ng6+ fxg6 26. Rxe6 Qd7 27. Rxg6
Rxe1+ 28. Bxe1 Re8 29. Bc3 Re2 30. Bd3 Ra2 31. d5 Bf8 32. Rxh6+ Nxh6 33. Qxh6+
Kg8 34. Bh7+ Kf7 35. Bg6+ Ke7 36. Qg5+ 1-0

[Event "Asian Nations Cup 2016"]
[Site "Abu Dhabi UAE"]
[Date "2016.04.01"]
[Round "5.3"]
[White "Taalaibekov, Tagir"]
[Black "Fayzullaev, Akmal"]
[Result "0-1"]
[BlackTitle "FM"]
[WhiteElo "2150"]
[BlackElo "2405"]
[WhiteTeam "Kyrgyzstan"]
[BlackTeam "Uzbekistan"]
[WhiteFideId "13801163"]
[BlackFideId "14200554"]
[EventDate "2016.03.28"]
[EventType "team"]

1. d4 Nf6 2. g3 c5 3. d5 g6 4. Bg2 Bg7 5. Nf3 O-O 6. O-O d6 7. c4 b5 8. Nfd2
Nbd7 9. a4 b4 10. Ra2 Rb8 11. b3 e6 12. dxe6 fxe6 13. Nf3 Rb6 14. Ng5 Qe7 15. e4
Bb7 16. Re2 Ne5 17. f4 Nc6 18. e5 dxe5 19. fxe5 Ng4 20. Rxf8+ Bxf8 21. Nxe6
Ncxe5 22. Nxf8 Bxg2 23. Kxg2 Rd6 24. Qe1 Qb7+ 25. Kh3 Qc8 26. Kg2 Qc6+ 27. Kh3
Nd3 28. Qf1 Rf6 29. Bf4 Qc8 30. Kg2 Qxf8 31. Re4 Ngf2 32. Nd2 Qa8 33. Kg1 Re6
34. Be3 Nxe4 35. Qxd3 Nxd2 36. Qxd2 Re5 37. Bf4 Re8 38. Qd6 Re2 39. Qb8+ Qxb8
40. Bxb8 Rb2 41. Bxa7 Rxb3 42. Bxc5 Rb1+ 43. Kg2 b3 44. Bd4 Rd1 45. Bc3 Rc1 46.
Be5 Rxc4 47. a5 b2 48. Bd4 0-1

[Event "Asian Nations Cup 2016"]
[Site "Abu Dhabi UAE"]
[Date "2016.04.01"]
[Round "5.4"]
[White "Khoroshev, Nikita"]
[Black "Kenenbaev, Aidar"]
[Result "1-0"]
[WhiteTitle "FM"]
[WhiteElo "2337"]
[BlackElo "2042"]
[WhiteTeam "Uzbekistan"]
[BlackTeam "Kyrgyzstan"]
[WhiteFideId "14200287"]
[BlackFideId "13801180"]
[EventDate "2016.03.28"]
[EventType "team"]

1. d4 Nf6 2. Bg5 c5 3. Bxf6 gxf6 4. c3 d6 5. e3 f5 6. Ne2 Nd7 7. Nd2 Bg7 8. Nf4
Nf6 9. Bd3 O-O 10. Nh5 e6 11. Nxg7 Kxg7 12. Qf3 cxd4 13. exd4 Kh8 14. h3 Rb8 15.
a4 b6 16. Rg1 Bb7 17. Qe2 Nd5 18. g3 Qg5 19. Nf3 Qf6 20. Nh4 Rbc8 21. Qd2 a5 22.
Bc2 Rc7 23. Ng2 Rfc8 24. Ne3 Ne7 25. f4 Be4 26. Bxe4 fxe4 27. d5 Nxd5 28. Nxd5
exd5 29. Rd1 Rc5 30. Qe3 Qe6 31. g4 Kg8 32. Rg2 Rb8 33. f5 Qf6 34. Rgd2 Qe5 35.
f6 Kh8 36. Rf2 Rg8 37. Rf5 Qh2 38. Rg5 d4 39. Rxg8+ Kxg8 40. Rxd4 Qh1+ 41. Kd2
Qg2+ 42. Qe2 e3+ 43. Kd3 Qxh3 44. Rxd6 h5 45. Kc2 Qxg4 46. Qxe3 Qg6+ 47. Kb3 Rf5
48. Rxb6 Rxf6 49. Rb8+ Kh7 50. Qd4 Qf5 51. Ka3 Qg5 52. Qd8 Qg7 53. Qxa5 Rh6 54.
Qf5+ Qg6 55. Qe5 Qd6+ 56. Qxd6 Rxd6 57. Rb4 Kg6 58. a5 Kg5 59. Rd4 Re6 60. b4 h4
61. b5 h3 62. Rd1 f5 63. a6 f4 64. a7 Re8 65. b6 Rg8 1-0

[Event "Asian Nations Cup 2016"]
[Site "Abu Dhabi UAE"]
[Date "2016.04.01"]
[Round "5.1"]
[White "Salem, A.R. Saleh"]
[Black "Hamdan, Marshool"]
[Result "1-0"]
[WhiteTitle "GM"]
[BlackTitle "FM"]
[WhiteElo "2615"]
[BlackElo "2003"]
[WhiteTeam "UAE - 1"]
[BlackTeam "UAE - 2"]
[WhiteFideId "9301348"]
[BlackFideId "9303804"]
[EventDate "2016.03.28"]
[EventType "team"]

1. d4 f5 2. c4 Nf6 3. Nc3 d6 4. Nf3 g6 5. g3 Bg7 6. Bg2 O-O 7. O-O Qe8 8. b3 Na6
9. Ba3 c6 10. e3 Bd7 11. Qe2 h6 12. Rfe1 Qf7 13. Rad1 Rae8 14. Qc2 g5 15. c5 d5
16. Ne5 Qe6 17. f3 Nh5 18. f4 g4 19. b4 Nc7 20. Qb3 a6 21. e4 fxe4 22. Nxe4 Bxe5
23. dxe5 Kh8 24. Bb2 Ng7 25. Nf2 Qg6 26. e6 Bxe6 27. Qe3 Bf5 28. Nd3 Kg8 29. Ne5
Qh7 30. a4 Nh5 31. Nd3 Nf6 32. Nf2 Bc2 33. Rd2 Bxa4 34. Qe5 e6 35. h3 h5 36.
hxg4 hxg4 37. Qg5+ Qg7 38. Qxg7+ Kxg7 39. Nxg4 e5 40. Bxe5 Kg6 41. Nxf6 Rxf6 42.
Ra1 Bb5 43. Bxc7 Re3 44. Be5 Rf8 45. g4 Rb3 46. Re1 Rxb4 47. Bd6 Rf6 48. f5+ Kg7
49. Be5 Rxg4 50. Rd4 Rg5 51. Rf4 a5 52. Bxf6+ Kxf6 53. Re6+ Kf7 54. f6 Rg8 55.
Re7+ Kg6 56. Rxb7 a4 57. Rg4+ 1-0

[Event "Asian Nations Cup 2016"]
[Site "Abu Dhabi UAE"]
[Date "2016.04.01"]
[Round "5.2"]
[White "Ahmed, Fareed"]
[Black "Omar, Noaman"]
[Result "1/2-1/2"]
[WhiteTitle "FM"]
[BlackTitle "IM"]
[WhiteElo "1995"]
[BlackElo "2383"]
[WhiteTeam "UAE - 2"]
[BlackTeam "UAE - 1"]
[WhiteFideId "9303677"]
[BlackFideId "9300244"]
[EventDate "2016.03.28"]
[EventType "team"]

1. e4 c5 2. Nf3 e6 3. Nc3 a6 4. d4 cxd4 5. Nxd4 Qc7 6. Bd3 Nc6 7. Nxc6 dxc6 8.
O-O e5 9. Kh1 Nf6 10. Qe1 Bc5 11. Be3 Nd7 12. Na4 Bxe3 13. Qxe3 O-O 14. b4 Rd8
15. c4 b5 16. Nb2 Nf6 17. a4 Rb8 18. Rfd1 Qe7 19. cxb5 cxb5 20. Bc2 Be6 21. Nd3
bxa4 22. Bxa4 Bc4 23. Qc5 Qxc5 24. Nxc5 Rxd1+ 25. Rxd1 Kf8 26. Rb1 Ke7 27. h3
Rd8 28. Bc6 Rd6 29. Ba4 h5 30. Bb3 Bb5 31. Rd1 Rc6 32. Ra1 Rd6 33. Rd1 Rc6 34.
Ra1 Rd6 35. Rd1 Rc6 36. Ra1 Rd6 37. Rd1 Rxd1+ 38. Bxd1 h4 39. g3 hxg3 40. fxg3
Nd7 41. Nxd7 Kxd7 42. Kg2 Kc6 43. Kf3 Kb6 44. h4 Bc6 45. Ke3 Kb5 46. Be2+ Kxb4
47. Bxa6 Kc3 48. Bc8 f6 49. Bf5 Kc2 50. Bg4 Be8 51. Be2 Kc3 52. g4 Bd7 53. g5
fxg5 54. hxg5 Be6 55. Bh5 Bc4 56. Bg6 Bb5 57. Bf7 Bd7 58. Bh5 Bc8 59. Be2 1/2-1/2

[Event "Asian Nations Cup 2016"]
[Site "Abu Dhabi UAE"]
[Date "2016.04.01"]
[Round "5.3"]
[White "Saeed, Ishaq"]
[Black "Ammar, Sedrani"]
[Result "1-0"]
[WhiteTitle "FM"]
[BlackTitle "FM"]
[WhiteElo "2286"]
[BlackElo "1701"]
[WhiteTeam "UAE - 1"]
[BlackTeam "UAE - 2"]
[WhiteFideId "9301453"]
[BlackFideId "9312331"]
[EventDate "2016.03.28"]
[EventType "team"]

1. d4 d5 2. c4 e6 3. Nc3 c6 4. e3 f5 5. Bd3 Nf6 6. Nge2 Bd6 7. f3 O-O 8. Qc2 a6
9. c5 Bc7 10. b4 g6 11. a4 e5 12. dxe5 Bxe5 13. Rb1 Nbd7 14. O-O a5 15. Ba3 Qe7
16. Nd1 axb4 17. Bxb4 Ne8 18. Nf2 Ng7 19. a5 Ne6 20. Rfc1 Bc7 21. Qc3 Be5 22.
Qc2 Bc7 23. Qc3 Be5 24. Qa3 Nc7 25. Nc3 Na6 26. Bxa6 Rxa6 27. Nxd5 Bxh2+ 28.
Kxh2 Qe5+ 29. Nf4 g5 30. Bc3 Qc7 31. g3 gxf4 32. Qa2+ Rf7 33. gxf4 Kf8 34. Nh3
h6 35. Rg1 Ke8 36. Qe6+ Re7 37. Rg8+ Nf8 38. Qxh6 Rf7 39. Ng5 1-0

[Event "Asian Nations Cup 2016"]
[Site "Abu Dhabi UAE"]
[Date "2016.04.01"]
[Round "5.4"]
[White "Faisal, Ali"]
[Black "Mayed, AlRashedi"]
[Result "0-1"]
[BlackTitle "FM"]
[WhiteElo "1827"]
[BlackElo "1977"]
[WhiteTeam "UAE - 2"]
[BlackTeam "UAE - 1"]
[WhiteFideId "9303758"]
[BlackFideId "9303871"]
[EventDate "2016.03.28"]
[EventType "team"]

1. e4 c5 2. Nc3 Nc6 3. g3 g6 4. Bg2 Bg7 5. d3 e6 6. f4 d6 7. Nf3 Nge7 8. O-O O-O
9. Be3 Nd4 10. e5 Nxf3+ 11. Qxf3 dxe5 12. fxe5 Bxe5 13. Bxc5 f5 14. Qe3 Bf6 15.
d4 Rf7 16. Nb5 Nd5 17. Bxd5 Qxd5 18. c4 Qxc4 19. Nd6 Qd5 20. Nxf7 Kxf7 21. Qh6
Bd7 22. Qxh7+ Bg7 23. Qh4 Bc6 24. Qe7+ Kg8 25. Kf2 Bxd4+ 26. Bxd4 Qxd4+ 27. Ke1
Qe3+ 28. Kd1 Bb5 29. Rf2 Qd3+ 30. Ke1 Qe4+ 31. Kd1 Qd5+ 32. Ke1 Rd8 33. Qxd8+
Qxd8 34. Rd2 Qb6 35. Rf2 Qe3+ 0-1

[Event "Asian Nations Cup 2016"]
[Site "Abu Dhabi UAE"]
[Date "2016.04.01"]
[Round "5.1"]
[White "Alattar, Rakan"]
[Black "Eid, Fadi"]
[Result "0-1"]
[WhiteTitle "CM"]
[BlackTitle "IM"]
[WhiteElo "2065"]
[BlackElo "2352"]
[WhiteTeam "Jordan"]
[BlackTeam "Lebanon"]
[WhiteFideId "8101248"]
[BlackFideId "5300118"]
[EventDate "2016.03.28"]
[EventType "team"]

1. e4 d5 2. e5 c5 3. c3 Nc6 4. Nf3 Bg4 5. Bb5 Qc7 6. d4 e6 7. O-O a6 8. Bxc6+
Qxc6 9. Be3 Ne7 10. h3 Bh5 11. Nbd2 c4 12. a4 Qc7 13. a5 Nc6 14. Qa4 Be7 15. Bg5
O-O 16. Bxe7 Nxe7 17. Rfc1 Rac8 18. b4 f6 19. Re1 Be8 20. Qc2 f5 21. Ng5 Qd7 22.
f4 h6 23. Ngf3 Ng6 24. g3 Qe7 25. Kf2 Nh8 26. h4 Bh5 27. Reb1 Nf7 28. b5 axb5
29. Rxb5 g5 30. hxg5 hxg5 31. Rh1 Bg6 32. Qb1 Rc7 33. Qb4 Qxb4 34. Rxb4 Ra8 35.
Rb5 g4 36. Nh4 Bh7 37. Rhb1 Nd8 38. Ke3 Kg7 39. Ra1 Bg8 40. Ng2 Bf7 41. Rb2 Be8
42. Rba2 Rc6 43. Ne1 Rca6 44. Nc2 b6 45. Nb4 Rxa5 46. Rxa5 bxa5 47. Nc2 Kf7 48.
Rb1 Ke7 49. Na3 Bc6 50. Rh1 Nf7 51. Kf2 a4 52. Rb1 Rh8 53. Kg2 Kd7 54. Rb2 Ra8
55. Rb1 Nd8 56. Kf2 Ra6 57. Kg2 Nb7 58. Kf2 Na5 59. Kg2 Nb3 60. Nf1 Rb6 61. Kf2
Kc7 62. Kg2 Kb7 63. Kf2 Ka6 64. Kg2 Ka5 65. Kf2 Rb7 66. Kg2 Nxd4 67. cxd4 Rxb1
68. Nxb1 Kb4 69. Ne3 Kb3 70. Nd1 a3 71. Nxa3 Kxa3 72. Kf2 Kb3 73. Ke2 c3 74. Nf2
Bb5+ 75. Kd1 Kb2 0-1

[Event "Asian Nations Cup 2016"]
[Site "Abu Dhabi UAE"]
[Date "2016.04.01"]
[Round "5.2"]
[White "El Jawich, Amro"]
[Black "Abo-Hazeem, Mohanned"]
[Result "1-0"]
[WhiteTitle "FM"]
[WhiteElo "2241"]
[BlackElo "2045"]
[WhiteTeam "Lebanon"]
[BlackTeam "Jordan"]
[WhiteFideId "5300380"]
[BlackFideId "8101159"]
[EventDate "2016.03.28"]
[EventType "team"]

1. e4 c5 2. a3 d6 3. b4 Nf6 4. Nc3 g6 5. bxc5 dxc5 6. e5 Ng4 7. Bb5+ Nc6 8.
Bxc6+ bxc6 9. f4 Bg7 10. Nf3 O-O 11. h3 Nh6 12. Ne4 Qd5 13. Qe2 Bf5 14. Nc3 Qd8
15. d3 Be6 16. O-O Nf5 17. Kh2 Nd4 18. Nxd4 Qxd4 19. Qe1 c4 20. Be3 Qd7 21. d4
f5 22. Na4 Bd5 23. Nc5 Qc7 24. Rb1 Rfb8 25. Qh4 Rb6 26. Bd2 Rb5 27. a4 Rxc5 28.
dxc5 Be4 29. Rfc1 Rd8 30. Bc3 Rd5 31. Rb4 a5 32. Rb2 Rxe5 33. Rcb1 Rd5 34. Rb7 1-0

[Event "Asian Nations Cup 2016"]
[Site "Abu Dhabi UAE"]
[Date "2016.04.01"]
[Round "5.3"]
[White "Boshra, Alshaeby"]
[Black "Asmar, Elie"]
[Result "1/2-1/2"]
[WhiteTitle "WFM"]
[WhiteElo "2021"]
[BlackElo "2051"]
[WhiteTeam "Jordan"]
[BlackTeam "Lebanon"]
[WhiteFideId "8102937"]
[BlackFideId "5301432"]
[EventDate "2016.03.28"]
[EventType "team"]

1. d4 Nf6 2. c4 Nc6 3. Nf3 e6 4. a3 d6 5. Nc3 g6 6. e4 Bg7 7. Be2 O-O 8. O-O Re8
9. Be3 e5 10. d5 Nd4 11. Nxd4 exd4 12. Bxd4 Nxe4 13. Bxg7 Kxg7 14. Nxe4 Rxe4 15.
Qc2 Re8 16. Bf3 Qf6 17. Rac1 b6 18. b4 Bf5 19. Qa4 a5 20. Qb3 axb4 21. axb4 g5
22. g3 g4 23. Bd1 h5 24. Qc3 Ra2 25. f3 Qxc3 26. Rxc3 Rd2 27. fxg4 Bxg4 28. Bxg4
hxg4 29. Rf2 Re1+ 30. Kg2 Ree2 31. Rxe2 Rxe2+ 32. Kg1 Rd2 33. Rc1 f5 34. Rf1 Kf6
35. Rf2 Rd1+ 36. Kg2 Rc1 37. Rf4 Ke5 38. h4 gxh3+ 39. Kxh3 Rh1+ 40. Kg2 Re1 41.
Kf3 Rc1 42. b5 Rc3+ 43. Kf2 Rd3 44. Rh4 Rc3 45. Kg2 Kf6 46. Kf2 Kg5 47. Rd4 Rc2+
48. Kf3 Rc1 49. Kf2 Rh1 50. Rf4 Rh7 51. Kf3 Rh2 52. Rd4 Rh7 53. Rf4 Rh2 54. Rd4
Rh1 1/2-1/2

[Event "Asian Nations Cup 2016"]
[Site "Abu Dhabi UAE"]
[Date "2016.04.01"]
[Round "5.4"]
[White "Maasarani, Mahmoud"]
[Black "Alattar, Ghayda M."]
[Result "1-0"]
[BlackTitle "WFM"]
[WhiteElo "2052"]
[BlackElo "1952"]
[WhiteTeam "Lebanon"]
[BlackTeam "Jordan"]
[WhiteFideId "5300681"]
[BlackFideId "8101531"]
[EventDate "2016.03.28"]
[EventType "team"]

1. d4 Nf6 2. Nf3 c5 3. e3 b6 4. c4 g6 5. Nc3 Bb7 6. d5 d6 7. Be2 Bg7 8. O-O O-O
9. e4 Nbd7 10. h3 Re8 11. Bf4 Qb8 12. Qd2 a6 13. Rfe1 Ne5 14. Nxe5 dxe5 15. Bh2
Nd7 16. Bg4 Bc8 17. Be2 Qd6 18. Rad1 Rb8 19. Kh1 Rd8 20. Rf1 Rb7 21. a4 Nf8 22.
f4 exf4 23. Bxf4 Be5 24. Bxe5 Qxe5 25. Qe1 Bd7 26. Qf2 Be8 27. Rd3 Nd7 28. Rf3
Qg7 29. Rg3 Qd4 30. Qf4 Qe5 31. Qh4 Nf6 32. Rg5 Qb8 33. e5 Nd7 34. Qe4 f6 35. d6
Nxe5 36. Rxe5 fxe5 37. Qd5+ e6 38. Qxe6+ Bf7 39. Rxf7 Rxf7 40. Ne4 Qb7 41. Bf3
Qd7 42. Nf6+ Kf8 43. Nxd7+ Rfxd7 44. Qf6+ Ke8 45. Bd5 1-0

[Event "Asian Nations Cup 2016"]
[Site "Abu Dhabi UAE"]
[Date "2016.04.01"]
[Round "5.1"]
[White "Weerawardane, Romesh"]
[Black "Asefi, Zaheeruddeen"]
[Result "1-0"]
[WhiteTitle "IM"]
[BlackTitle "FM"]
[WhiteElo "2084"]
[BlackElo "2020"]
[WhiteTeam "Sri Lanka"]
[BlackTeam "Afghanistan"]
[WhiteFideId "9900373"]
[BlackFideId "11700025"]
[EventDate "2016.03.28"]
[EventType "team"]

1. e4 d6 2. d4 Nf6 3. Nc3 c5 4. dxc5 Qa5 5. Bd3 Qxc5 6. Nf3 Nc6 7. O-O g6 8. Be3
Qa5 9. h3 Bg7 10. a3 O-O 11. Qd2 Bd7 12. b4 Qd8 13. Rac1 Rc8 14. Ne2 b6 15. c4
Be6 16. Rfd1 Nd7 17. Nf4 Nde5 18. Nxe5 dxe5 19. Nxe6 fxe6 20. c5 bxc5 21. Bxc5
Rc7 22. Qa2 Qc8 23. Bc4 Kf7 24. Be3 Kf6 25. h4 h6 26. Qe2 Kf7 27. Qg4 h5 28. Qh3
Nd4 29. Bxd4 Rxc4 30. Rxc4 Qxc4 31. Bxa7 Qxe4 32. Qf3+ Qxf3 33. gxf3 Ke8 34. Kg2
Rf4 35. b5 e4 36. fxe4 Rxe4 37. b6 Rd4 38. b7 Rg4+ 39. Kh3 Be5 40. b8=Q+ Bxb8
41. Bxb8 Rc4 42. Rd3 Kf7 43. Be5 Re4 44. f4 Re1 45. a4 Re4 46. Ra3 Rb4 47. a5 1-0

[Event "Asian Nations Cup 2016"]
[Site "Abu Dhabi UAE"]
[Date "2016.04.01"]
[Round "5.2"]
[White "Mirzaad, S.wahabuddin"]
[Black "Priyankara, Chamil"]
[Result "0-1"]
[WhiteElo "2053"]
[BlackElo "2016"]
[WhiteTeam "Afghanistan"]
[BlackTeam "Sri Lanka"]
[WhiteFideId "11700785"]
[BlackFideId "9901566"]
[EventDate "2016.03.28"]
[EventType "team"]

1. d4 Nf6 2. c4 g6 3. Nc3 Bg7 4. e4 d6 5. Bd3 O-O 6. Nge2 Nc6 7. O-O e5 8. d5
Ne7 9. h3 Nd7 10. Be3 f5 11. exf5 Nxf5 12. Qd2 Nxe3 13. Qxe3 Nc5 14. Bc2 Bf5 15.
Ne4 Nxe4 16. Bxe4 Qh4 17. Nc3 Bh6 18. Qd3 Rf7 19. Rae1 Raf8 20. Re2 Bc8 21. Rc2
g5 22. g4 Bg7 23. Bg2 h5 24. f3 hxg4 25. hxg4 Bf6 26. Ne4 Bd8 27. b4 Rh7 28.
Rff2 Bd7 29. Kf1 Be8 30. Ke2 Rf4 31. Qe3 Bg6 32. c5 Bxe4 33. fxe4 dxc5 34. bxc5
Qxg4+ 35. Bf3 Qg3 36. Rg2 Rh2 37. Rxh2 Qxh2+ 38. Kd3 Qh3 39. Bg2 Qg4 40. Kc4 Qd7
41. Qb3 b6 0-1

[Event "Asian Nations Cup 2016"]
[Site "Abu Dhabi UAE"]
[Date "2016.04.01"]
[Round "5.3"]
[White "Edirisinghe, Dulan"]
[Black "Mehrad, Ahmad Tamim"]
[Result "1/2-1/2"]
[WhiteElo "2116"]
[BlackElo "1988"]
[WhiteTeam "Sri Lanka"]
[BlackTeam "Afghanistan"]
[WhiteFideId "9900446"]
[BlackFideId "11700491"]
[EventDate "2016.03.28"]
[EventType "team"]

1. d4 Nf6 2. Nf3 e6 3. e3 d5 4. Bd3 Be7 5. Nbd2 Nbd7 6. O-O b6 7. Ne5 Nxe5 8.
dxe5 Nd7 9. f4 Nc5 10. Bb5+ Bd7 11. Be2 f5 12. g4 fxg4 13. Bxg4 O-O 14. Qf3 Qc8
15. Qh3 Kh8 16. Nf3 Nb7 17. Bd2 Nd8 18. Be1 Nf7 19. Nd4 Nd8 20. Bh4 Bxh4 21.
Qxh4 c5 22. Nf3 Nf7 23. Qh3 Qe8 24. Bh5 Qe7 25. Rf2 Nh6 26. Ng5 Rad8 27. Rg2 d4
28. Rf1 dxe3 29. Qxe3 Bc6 30. Bf3 Nf5 31. Qa3 Bb5 32. Be2 Bxe2 33. Rxe2 h6 34.
Qh3 Kg8 35. Ne4 Qh4 36. Qxh4 Nxh4 37. Nd6 Nf5 38. Rd2 Rd7 39. Rd3 Nd4 40. Rd2
Nf5 41. Rd3 Nd4 42. Rd2 Nf5 1/2-1/2